Top 10 des communes de France par lettre - E - Statistiques

Statistiques générales
  • Ce quiz a été pris 106 fois
  • Le résultat moyen est 4 sur 10
Statistiques - réponses
Région/Collectivité Population Commune % Correct
Normandie 48.335 Évreux
86%
Île-de-France 66.700 Évry-Courcouronnes
86%
Grand Est 32.296 Épinal
57%
Auvergne-Rhône-Alpes 36.708 Échirolles
45%
Île-de-France 26.601 Étampes
43%
Île-de-France 53.564 Épinay-sur-Seine
24%
Île-de-France 26.348 Élancourt
16%
Île-de-France 25.934 Eaubonne
14%
Île-de-France 29.189 Ermont
14%
Nouvelle-Aquitaine 24.436 Eysines
12%
Aucun quiz correspondant
Distribution des résultats
% des personnes avec chaque résultat
Percentile par nombre de réponses
Votre historique - résultats
Vous n’avez pas pris ce quiz